000 01041nam a2200313 i 4500
001 13262
003 KOSZ 005
005 20200507105953.0
008 071122s1970 pl a f f 000 0 pol
015 _aPB 1971/2741
035 _a(OCoLC)812689318
040 _aWA N
_cWA N
_dKOSZ 005/KK
080 _a666.9
100 1 _aRoszak, Wojciech
_d(1929- )
_eAutor
245 1 0 _aTechnologia betonów z kruszyw lekkich /
_cWojciech Roszak.
260 _aWarszwa :
_b"Arkady",
_c1970.
300 _a191, [1] stron. :
_bilustracje. ;
_c23 cm.
336 _2rdacontent
_aTekst
_btxt
337 _2rdamedia
_aBez urządzenia pośredniczącego
_bn
338 _2rdacarrier
_aWolumin
_bnc
380 _aKsiążki.
504 _aBibliografia na stronie [192].
650 4 _aKruszywo
658 _aArchitektura i budownictwo
650 4 _aBeton lekki
710 2 _aWydawnictwo "Arkady".
_4pbl.
856 _uhttp://koha.tu.koszalin.pl/cgi-bin/koha/opac-detail.pl?biblionumber=13262
_yKatalog online BPK
942 _2UKD
_cKS
999 _c13262
_d13262